000
00303nam a2200133Ia 4500
005
20251222140050.0
008
251222s1900||||xx |||||||||||||| ||spa||
020
_a
8871465148
082
_a
179.7/S42
100
_a
Serra, Cristina
245
0
_a
Il Progetto Genoma Umano.
264
_b
CUEN
942
_c
LIB
999
_c
3581
_d
3581